<?xml version="1.0" encoding="UTF-8"?><collection xmlns="info:lc/xmlns/marcxchange-v2"><record format="Unimarc" type="bibliographic"><leader>00690nam  2200217   450 </leader><controlfield tag="001">2699952</controlfield><controlfield tag="003">http://id.bnportugal.gov.pt/bib/porbase/2699952</controlfield><controlfield tag="005">20150613084724.7</controlfield><datafield ind1=" " ind2=" " tag="010"><subfield code="a">0-8047-0736-7</subfield></datafield><datafield ind1=" " ind2=" " tag="035"><subfield code="a">iict005_bc.iso/17-11-2015/51777</subfield></datafield><datafield ind1=" " ind2=" " tag="035"><subfield code="a">0051777</subfield></datafield><datafield ind1=" " ind2=" " tag="100"><subfield code="a">20141127d1971    k  y0porb0103    ba</subfield></datafield><datafield ind1="0" ind2=" " tag="101"><subfield code="a">eng</subfield></datafield><datafield ind1=" " ind2=" " tag="102"><subfield code="a">US</subfield></datafield><datafield ind1="1" ind2=" " tag="200"><subfield code="a">Sea shells of tropical west America</subfield><subfield code="e">marine mollusks from Baja California to Peru</subfield><subfield code="f">A. Myra Keen</subfield></datafield><datafield ind1=" " ind2=" " tag="205"><subfield code="a">2nd ed</subfield></datafield><datafield ind1=" " ind2=" " tag="210"><subfield code="a">Stanford</subfield><subfield code="c">University Press</subfield><subfield code="d">1971</subfield></datafield><datafield ind1=" " ind2=" " tag="215"><subfield code="a">XIV, 1064 p.</subfield><subfield code="c">il.</subfield><subfield code="d">26 cm</subfield></datafield><datafield ind1=" " ind2=" " tag="317"><subfield code="a">Livro proveniente do ex-Centro de Zoologia</subfield></datafield><datafield ind1=" " ind2=" " tag="675"><subfield code="a">594(7/8)</subfield><subfield code="v">BN</subfield><subfield code="z">por</subfield></datafield><datafield ind1=" " ind2="1" tag="700"><subfield code="a">Keen</subfield><subfield code="b">A. Myra</subfield></datafield><datafield ind1=" " ind2="0" tag="801"><subfield code="a">PT</subfield><subfield code="b">IICT</subfield><subfield code="c">20141127</subfield><subfield code="g">RPC</subfield></datafield></record></collection>